Villes d’Australie - Carte Quiz - Statistiques

Statistiques générales
  • Ce quiz a été pris 8 604 fois
  • Le résultat moyen est 6 sur 16
Réponses sur la Carte
Les réponses sont colorées sur une échelle allant du rouge au vert en fonction du pourcentage des utilisateurs qui les ont devinées à leur premier essai. Vous pouvez retrouver ces pourcentages ci-dessous.
 
Statistiques - réponses
Réponse % Correct
Sydney
78%
Perth
68%
Canberra
66%
Melbourne
63%
Brisbane
53%
Adélaïde
51%
Darwin
47%
Alice Springs
43%
Hobart
36%
Cairns
30%
Broome
19%
Kalgoorlie
18%
Mount Isa
18%
Exmouth
15%
Rockhampton
14%
Mildura
11%
Aucun quiz correspondant
Distribution des résultats
% des personnes avec chaque résultat
Percentile par nombre de réponses
Votre historique - résultats
Vous n’avez pas pris ce quiz